000 00314nam a22001457a 4500
008 230901b ||||| |||| 00| 0 eng d
020 _a9780262111676
041 _aeng
080 _a101
082 _a101KIR
100 _a40
101 _aFILOZ
245 _aTHEORIES OF TRUTH
_cKIRKHAM.L.R
942 _2udc
_cBK
999 _c60234
_d60234